000 01096nam a22002417a 4500
003 OSt
005 20251112172453.0
008 251112b |||||||| |||| 00| 0 eng d
040 _c0
082 _aDPer 361.05 J826 March 2018 v. 65 n. 2
100 _aKivlighan, Dennis Martin III
_eauthor.
_969349
245 _aAre belongingness and hope essential feature of academic enhancement groups?
_bA psychosociocultural perspective.
_cDennis Martin Kivlighan III, Maleeha Abbas, Alberta M. Gloria, Arellys Aguinaga, Christina Frank, and Nick D. Frost.
260 _aU.S.A
_bAmerican Psychological Association
_cMarch 2018.
300 _aVolume 65, pages 204-213 :
_billustration ;
_c28 cm.
500 _aJournal of Counseling Psychology, vol. 65, no. 2, pages 204-213, March 2018
700 _aKivlighan, Dennis Martin III
_eauthor.
_969349
700 _aAbbas, Maleeha
_eauthor.
_969350
700 _aGloria, Alberta M.
_eauthor.
_969351
700 _aAguinaga, Arellys
_eauthor.
_969352
700 _aFrank, Christina
_eauthor.
_969353
700 _aFrost, Nick D.
_eauthor.
_969354
942 _2ddc
_cPER
999 _c24195
_d24195